[Event "Malta ol (Men)"]
[Site "La Valetta"]
[Date "1980.??.??"]
[Round "?"]
[White "Westerinen, Heikki MJ"]
[Black "Andersson, Ulf"]
[Result "0-1"]
[WhiteElo "2470"]
[BlackElo "2590"]

1.e4 c5 2.Nf3 e6 3.d4 cxd4 4.Nxd4 Nf6 5.Nc3 d6 6.g4 h6 7.Be2 Nc6 8.Nb3 a6
9.a4 d5 10.exd5 exd5 11.g5 hxg5 12.Bxg5 d4 13.Ne4 Bb4+ 14.c3 dxc3 15.Qxd8+ Nxd8
16.Nxc3 Ne4 17.Bxd8 Nxc3 18.Ba5 Bxa5 19.Nxa5 Nxe2 20.Kxe2 Rh4 21.Rhc1 Rb4
22.Rc7 Rxb2+ 23.Ke1 Kf8 24.Ra3 b6 25.Rb3 Rxb3 26.Nxb3 Bg4 27.Kd2 Rd8+ 28.Kc3 Rc8
29.Rxc8+ Bxc8 30.Kb4 Ke7 31.Nd2 Bd7 32.a5 bxa5+ 33.Kxa5 Bb5 34.Kb4 Kd6 35.Nf3 Kd5
36.Kc3 a5 37.Nd4 Bd7 38.Nf3 f6 39.Nd2 a4 40.Nc4 Bb5 41.Nd2 Bd7 42.Nf1 Ke4
43.Ng3+ Kf3 44.Nh5 Kg4 45.Ng3 f5 46.Kb4 g6  0-1

[Event "Malta ol (Men)"]
[Site "La Valetta"]
[Date "1980.??.??"]
[Round "?"]
[White "Timman, Jan H"]
[Black "Andersson, Ulf"]
[Result "1/2-1/2"]
[WhiteElo "2600"]
[BlackElo "2590"]

1.d4 Nf6 2.c4 e6 3.Nc3 Bb4 4.Bg5 h6 5.Bh4 c5 6.d5 Bxc3+ 7.bxc3 d6 8.e3 e5
9.f3 Nbd7 10.Qc2 Qe7 11.Bd3 Kd8 12.Ne2 g5 13.Bg3 Kc7 14.h4 Rg8 15.hxg5 hxg5
16.Kd2 Qf8 17.Raf1 Rh8 18.Rxh8 Qxh8 19.a4 Qg7 20.Qb1 Nf8 21.f4 gxf4  1/2-1/2

[Event "Las Palmas"]
[Site "Las Palmas"]
[Date "1980.??.??"]
[Round "?"]
[White "Andersson, Ulf"]
[Black "Fernandez Garcia, Jose L"]
[Result "1-0"]
[WhiteElo "2590"]
[BlackElo "2390"]

1.Nf3 d5 2.d4 e6 3.c4 c5 4.cxd5 exd5 5.g3 Nc6 6.Bg2 Nf6 7.O-O Be7 8.dxc5 Bxc5
9.Bg5 O-O 10.Nc3 Be7 11.Qa4 Be6 12.Rad1 Qb6 13.Bxf6 Bxf6 14.Nxd5 Bxd5 15.Rxd5 a6
16.b3 Rad8 17.Rfd1 Qb4 18.Rxd8 Rxd8 19.Rxd8+ Bxd8 20.Qxb4 Nxb4 21.a4 Nc2
22.e3 Bf6 23.Nd2 b5 24.axb5 axb5 25.Bc6 b4 26.Kf1 Bc3 27.Ke2 f5 28.Bb5 g6
29.Bd3 Na3 30.h3 Kg7 31.g4 fxg4 32.hxg4 h5 33.g5  1-0

[Event "Brasilia"]
[Site "Brasilia"]
[Date "1981.??.??"]
[Round "?"]
[White "Sunye Neto, Jaime"]
[Black "Andersson, Ulf"]
[Result "1/2-1/2"]
[WhiteElo "2435"]
[BlackElo "2610"]

1.c4 Nf6 2.Nc3 e6 3.Nf3 b6 4.g3 Bb7 5.Bg2 Be7 6.O-O O-O 7.Re1 Ne4 8.Nxe4 Bxe4
9.d3 Bb7 10.e4 c5 11.d4 cxd4 12.Nxd4 a6 13.Qg4 Re8 14.b3 Bf8 15.Bb2 d6 16.e5 Bxg2
17.Kxg2 dxe5 18.Rxe5 Nd7 19.Re2 Qc7 20.Nf3 Qb7 21.Qe4 Qxe4 22.Rxe4 b5 23.Rc1 Rec8
24.Ne5 Nc5 25.Rd4 f6 26.Nd3 Nxd3 27.Rxd3 Rc7 28.Rdc3 Bb4 29.R3c2 Rac8 30.Kf3 Kf7
31.Ke2 bxc4 32.Rxc4 Rxc4 33.Rxc4 Rxc4 34.bxc4 e5 35.g4 Ke6 36.f3 g6 37.h3 f5
38.Kd3 Bc5 39.Bc1 Kd6 40.Bd2 Kc6 41.Bc3 Bd6 42.Bd2 Bc7 43.Bb4 a5 44.Ba3 a4
45.Bc1 Bb6 46.Bb2 Kd6 47.Ba3+ Bc5 48.Bc1 Bb4 49.Be3 Ba3 50.Bd2 Kc5 51.Be3+ Kc6
52.Bd2 Bd6 53.Bc1 Bc5 54.Bb2 Kd6 55.Bc3 Bf2 56.Bb4+ Kc6 57.Ba3 Bg3 58.Bc1 e4+
59.fxe4 fxg4 60.hxg4 h5 61.gxh5  1/2-1/2

[Event "Brasilia"]
[Site "Brasilia"]
[Date "1981.??.??"]
[Round "?"]
[White "Filguth, Rubens A"]
[Black "Andersson, Ulf"]
[Result "1/2-1/2"]
[WhiteElo "2375"]
[BlackElo "2610"]

1.c4 Nf6 2.Nc3 e6 3.e4 c5 4.e5 Ng8 5.d4 cxd4 6.Qxd4 Nc6 7.Qe4 d6 8.Nf3 dxe5
9.Nxe5 Nxe5 10.Qxe5 Nf6 11.Be2 a6 12.Bf4 Be7 13.O-O O-O 14.Rfd1 Bd7 15.Bf3 Qc8
16.Rac1 Re8 17.Qc7 Qxc7 18.Bxc7 Rac8 19.Be5 Bc6 20.Bxc6 Rxc6 21.b3 Rec8 22.Kf1 b5
23.cxb5 axb5 24.Bxf6 Bxf6 25.Ne2 Kf8 26.Rxc6 Rxc6 27.Rc1 Ra6 28.Rc2 Ke8 29.Nc1 Be7
30.Ke2 Bd6 31.h3 Ke7 32.Kd3 f5 33.Kd4 e5+ 34.Ke3 g6 35.Ne2 Ke6 36.f4 exf4+
37.Nxf4+ Kf6 38.Nd3 h5 39.Kd4 h4 40.Nc5 Ra7 41.Re2  1/2-1/2

[Event "Brasilia"]
[Site "Brasilia"]
[Date "1981.??.??"]
[Round "?"]
[White "Browne, Walter S"]
[Black "Andersson, Ulf"]
[Result "0-1"]
[WhiteElo "2555"]
[BlackElo "2610"]

1.d4 Nf6 2.c4 e6 3.Nf3 b6 4.Nc3 Bb4 5.Qc2 Bb7 6.a3 Bxc3+ 7.Qxc3 O-O 8.b4 a5
9.b5 d6 10.Bb2 Nbd7 11.e3 Ne4 12.Qc2 f5 13.Be2 Rf6 14.c5 Bd5 15.c6 Nf8 16.Bc4 Qe7
17.O-O Rh6 18.Bxd5 exd5 19.Ne1 Qh4 20.h3 Ne6 21.Qb3 Nf6 22.Nd3 Rg6 23.Kh1 f4
24.Nxf4 Nxf4 25.exf4 Qxf4 26.Rae1 Qg5 27.Qf3 Rf8 28.Bc1 Qh4 29.Be3 Ne4 30.Qe2 Rf5
31.Kh2 Nc3 32.Qd3 Ne4 33.Qe2 Rh5 34.Rh1 h6 35.Reg1 Ng3 36.Qd3 Kh7 37.a4 Nxh1
38.Rxh1 Qf6 39.f4 Rf5 40.g4 Rxf4 41.Bxf4 Qxf4+ 42.Kg2 Qe4+ 43.Qxe4 dxe4 44.d5 Rf6
45.h4 Rf4 46.Kg3 Rf3+ 47.Kg2 Kg8 48.Re1 Rf4 49.Kg3 g5 50.Rh1 Rf3+ 51.Kg2 Rd3
52.hxg5 hxg5 53.Kf2 Kg7 54.Rh5 Rxd5 55.Ke3 Re5 56.Rh1 Re8 57.Rf1 Re5 58.Rh1 Re7
59.Rd1 Kg6 60.Rd5 Re6 61.Rd1 Rf6 62.Kxe4 Rf4+ 63.Kd5 Rxg4 64.Ke6 Rf4 65.Rg1 Rf6+
66.Kd7 Rf7+ 67.Ke6 Rg7 68.Rg2 Kh7 69.Rg4 Kh6 70.Kf6 Rg6+ 71.Kf7 Kh5 72.Rg1 g4
73.Rd1 Kh6 74.Rg1  0-1

[Event "Brasilia"]
[Site "Brasilia"]
[Date "1981.??.??"]
[Round "?"]
[White "Andersson, Ulf"]
[Black "Sunye Neto, Jaime"]
[Result "1-0"]
[WhiteElo "2610"]
[BlackElo "2435"]

1.c4 Nf6 2.Nf3 e6 3.g3 d5 4.d4 dxc4 5.Qa4+ Nbd7 6.Bg2 a6 7.Qxc4 b5 8.Qc6 Rb8
9.Bf4 Nd5 10.Bg5 Be7 11.Bxe7 Qxe7 12.O-O Bb7 13.Qc2 c5 14.dxc5 Rc8 15.Nbd2 Nxc5
16.Rfc1 O-O 17.Ne1 Rfd8 18.Qb1 Rc7 19.Ne4 Rdc8 20.Nxc5 Rxc5 21.Rxc5 Rxc5
22.Qd1 Rc4 23.Rc1 Rxc1 24.Qxc1 Nb6 25.Bxb7 Qxb7 26.Qc5 Nd5 27.Nd3 Qc7 28.e4 Qxc5
29.Nxc5 Nc7 30.f4 f6 31.Kf2 Kf7 32.b4 e5 33.Kf3 g6 34.fxe5 fxe5 35.Kg4 h6
36.h4 h5+ 37.Kg5 Kg7 38.g4 hxg4 39.Kxg4 Kf6 40.a3 Kf7 41.Kg5 Kg7 42.Nd7 Ne6+
43.Kg4 Nd4 44.Nxe5 Nc2 45.Nd7 Nxa3 46.Nc5 Nc4 47.Nxa6 Ne5+ 48.Kf4 Nd3+ 49.Ke3 Ne1
50.e5 Kf7 51.Ke4 Ng2 52.Nc7 Nxh4 53.Nxb5 Nf5 54.Nd4 Ne7 55.b5 Nc8 56.Kd5 g5
57.Kc5  1-0

[Event "Brasilia"]
[Site "Brasilia"]
[Date "1981.??.??"]
[Round "?"]
[White "Andersson, Ulf"]
[Black "Lucena, Lincoln"]
[Result "1-0"]
[WhiteElo "2610"]
[BlackElo "2295"]

1.Nf3 Nf6 2.c4 g6 3.g3 Bg7 4.Bg2 O-O 5.O-O d6 6.Nc3 Nc6 7.d4 Bg4 8.d5 Bxf3
9.exf3 Ne5 10.Qe2 Re8 11.f4 Ned7 12.Be3 a5 13.Nb5 Rb8 14.Rad1 Nb6 15.b3 Nfd7
16.h4 h5 17.f5 Nf8 18.fxg6 fxg6 19.Bh3 Nbd7 20.Rfe1 Nf6 21.Nd4 Kh7 22.Nf3 Bh6
23.Bxh6 Kxh6 24.Ng5 Kg7 25.Be6 b6 26.Rd3 c5 27.Bf7 e5 28.dxe6 Re7 29.Rf3  1-0

[Event "Brasilia"]
[Site "Brasilia"]
[Date "1981.??.??"]
[Round "?"]
[White "Andersson, Ulf"]
[Black "Ljubojevic, Ljubomir"]
[Result "1/2-1/2"]
[WhiteElo "2610"]
[BlackElo "2605"]

1.d4 Nf6 2.Nf3 e6 3.c4 d5 4.Nc3 Be7 5.Bg5 h6 6.Bh4 O-O 7.e3 b6 8.Rc1 Bb7
9.Bd3 dxc4 10.Bxc4 Nd5 11.Bxe7 Qxe7 12.O-O Nxc3 13.Rxc3 Rc8 14.Qe2 c5 15.Rfc1 a6
16.dxc5 Rxc5  1/2-1/2

[Event "Brasilia"]
[Site "Brasilia"]
[Date "1981.??.??"]
[Round "?"]
[White "Andersson, Ulf"]
[Black "Filguth, Rubens A"]
[Result "1-0"]
[WhiteElo "2610"]
[BlackElo "2375"]

1.Nf3 Nf6 2.c4 e6 3.g3 d5 4.d4 dxc4 5.Qa4+ Nbd7 6.Bg2 a6 7.Nc3 Rb8 8.Qxc4 b5
9.Qd3 Bb7 10.Bf4 Bd6 11.O-O Bxf4 12.gxf4 c5 13.dxc5 Nxc5 14.Qxd8+ Rxd8 15.Rfc1 Nce4
16.Nxe4 Bxe4 17.Ne5 O-O 18.Bxe4 Nxe4 19.Rc2 Rd2 20.Rxd2 Nxd2 21.Rc1 Ra8 22.Rc7 f6
23.Nd3 e5 24.fxe5 fxe5 25.Nxe5 Re8 26.f4 g5 27.Ng4 Rxe2 28.Nf6+ Kf8 29.Nxh7+ Kg8
30.Nxg5 Nc4 31.b3 Nd6 32.Rc6 Nf5 33.Rg6+ Kh8 34.Rxa6 Kg7 35.a4 bxa4 36.bxa4 Ra2
37.Nf3 Ne3 38.Nh4 Kf7 39.h3 Nd5 40.Ng6 Nc3 41.a5 Ne2+ 42.Kf1 Ng3+ 43.Ke1 Re2+  1-0

[Event "Hastings8182"]
[Site "Hastings"]
[Date "1981.??.??"]
[Round "1"]
[White "Andersson, Ulf"]
[Black "Taulbut, Shaun M"]
[Result "1-0"]
[WhiteElo "2600"]
[BlackElo "2420"]

1.Nf3 Nf6 2.c4 c6 3.Nc3 d5 4.cxd5 cxd5 5.d4 Nc6 6.Bf4 Qb6 7.a3 Bf5 8.Na4 Qd8
9.e3 e6 10.Bb5 Nd7 11.O-O Bg4 12.h3 Bh5 13.Rc1 Rc8 14.Qe2 Be7 15.Bxc6 bxc6
16.Qa6 Bxf3 17.gxf3 Nb6 18.Qxa7 Nxa4 19.Qxa4 Qd7 20.Kg2 c5 21.Qxd7+ Kxd7
22.dxc5 Bxc5 23.Rfd1 f6 24.e4 d4 25.b4 Ba7 26.Kf1 e5 27.Bd2 Ke6 28.Ke2 f5
29.a4 fxe4 30.fxe4 Rhd8 31.Kd3 Rxc1 32.Rxc1 Rf8 33.Rc7 Bb8 34.Rb7 Bd6 35.Ke2 d3+
36.Kxd3 Rxf2 37.a5  1-0

[Event "Hastings8182"]
[Site "Hastings"]
[Date "1981.??.??"]
[Round "2"]
[White "Chandler, Murray G"]
[Black "Andersson, Ulf"]
[Result "1/2-1/2"]
[WhiteElo "2530"]
[BlackElo "2600"]

1.e4 c5 2.g3 Nc6 3.Bg2 g6 4.d3 Bg7 5.c3 d6 6.f4 e5 7.Nf3 Nge7 8.O-O exf4
9.Bxf4 O-O 10.Na3 Ne5 11.Qd2 Bg4 12.Ne1 Rc8 13.Nac2 Qd7 14.b3 N5c6 15.Bh6 d5
16.Bxg7 Kxg7 17.exd5 Nxd5 18.Qf2 b6 19.Bxd5 Qxd5 20.Ne3 Qd7 21.Qf6+ Kg8 22.Nxg4 Qxg4
23.Nf3 Qd7 24.Ng5 Rce8 25.Rae1  1/2-1/2

[Event "Hastings8182"]
[Site "Hastings"]
[Date "1981.??.??"]
[Round "3"]
[White "Andersson, Ulf"]
[Black "Ree, Hans"]
[Result "1/2-1/2"]
[WhiteElo "2600"]
[BlackElo "2510"]

1.c4 e5 2.g3 d6 3.Bg2 g6 4.Nc3 Bg7 5.Nf3 Nc6 6.d3 Nge7 7.Rb1 O-O 8.O-O Bd7
9.b4 a6 10.Nd2 Qc8 11.Re1 Bh3 12.Bh1 f5 13.a4 f4 14.Nce4 Nd4 15.Nf3 Nxf3+
16.Bxf3 h6 17.b5 axb5 18.axb5 Nf5 19.Bb2 Kh7 20.Qb3 Qd8 21.Ra1 Rc8 22.Ra7 b6
23.Rea1 h5 24.Rb7 h4 25.gxf4 exf4 26.Kh1 Nd4 27.Bxd4 Bxd4 28.Rg1 Bf5 29.Ra7 h3
30.Qd1  1/2-1/2

[Event "Hastings8182"]
[Site "Hastings"]
[Date "1981.??.??"]
[Round "5"]
[White "Andersson, Ulf"]
[Black "Rivas Pastor, Manuel"]
[Result "1-0"]
[WhiteElo "2600"]
[BlackElo "2470"]

1.c4 Nf6 2.Nf3 e6 3.d4 d5 4.Bg5 Be7 5.e3 O-O 6.Nc3 h6 7.Bh4 Ne4 8.Bxe7 Qxe7
9.Rc1 c6 10.Bd3 Nxc3 11.Rxc3 dxc4 12.Rxc4 Nd7 13.O-O e5 14.dxe5 Nxe5 15.Re4 Nxf3+
16.Qxf3 Be6 17.Bc4 Rad8 18.Bxe6 fxe6 19.Qe2 Rd5 20.b4 Qd6 21.Qc4 Kh8 22.h3 e5
23.f4 exf4 24.exf4 Rd2 25.Rf2 Rd1+ 26.Kh2 Qf6 27.Qc5 b6 28.Qe3 Qd6 29.Rf3 c5
30.bxc5 Qxc5 31.Qxc5 bxc5 32.Re7 Rd4 33.Rg3 Rg8 34.f5 Rf4 35.Rf7 a5 36.Rg6 c4
37.Rc6 Rf2 38.a4 Rf4 39.Kg3 Rd4 40.Ra7 Rb8 41.Rxa5 Rd3+ 42.Kh2 c3 43.Rc7 Rf8
44.Rb5 h5 45.a5 Rf6 46.Rbc5 Ra6 47.f6 Rxf6 48.Rxh5+ Kg8 49.Rhc5 Ra6 50.Rg5 Kf8
51.Rgxg7 Rxa5 52.Rh7 Kg8 53.Rcg7+ Kf8 54.Rb7 Kg8 55.Rhe7 Rf5 56.Rb3 Rf2  1-0

[Event "Hastings8182"]
[Site "Hastings"]
[Date "1981.??.??"]
[Round "6"]
[White "Smyslov, Vassily"]
[Black "Andersson, Ulf"]
[Result "1/2-1/2"]
[WhiteElo "2580"]
[BlackElo "2600"]

1.d4 Nf6 2.Nf3 e6 3.c4 b6 4.g3 Bb7 5.Bg2 Be7 6.O-O O-O 7.Nc3 Ne4 8.Nxe4 Bxe4
9.Ne1 d5 10.cxd5 Bxg2 11.Nxg2 Qxd5 12.Nf4 Qb7 13.Be3  1/2-1/2

[Event "Hastings8182"]
[Site "Hastings"]
[Date "1981.??.??"]
[Round "7"]
[White "Andersson, Ulf"]
[Black "Mestel, A Jonathan"]
[Result "1/2-1/2"]
[WhiteElo "2600"]
[BlackElo "2475"]

1.Nf3 Nf6 2.c4 g6 3.Nc3 Bg7 4.e4 O-O 5.d4 c6 6.e5 Ne8 7.Bf4 d6 8.h3 Nd7 9.exd6 Nxd6
10.Be2 Re8 11.O-O Nf5 12.Re1 Nf8 13.Be5 Bxe5 14.dxe5 Ne6 15.Qxd8 Rxd8 16.Rad1 Nfd4
17.Kf1 b6 18.Nxd4 Nxd4 19.Rd2 Ba6 20.Red1 Ne6 21.b3 Rxd2 22.Rxd2 Rd8 23.Rxd8+ Nxd8
24.f4 Ne6 25.g3 h5 26.Bf3 Nd4 27.Kf2 Nxf3 28.Kxf3 c5 29.g4 Bb7+ 30.Kg3 hxg4
31.hxg4 Kf8 32.Nb5 a6 33.Nc3 Bc6 34.Kf2 Ke8 35.Ke3 Kd7 36.f5 g5 37.Nd1 f6
38.Nf2 Bg2 39.Ne4 Bxe4 40.Kxe4 Kc6 41.a3 a5  1/2-1/2

[Event "Hastings8182"]
[Site "Hastings"]
[Date "1981.??.??"]
[Round "9"]
[White "Short, Nigel D"]
[Black "Andersson, Ulf"]
[Result "1/2-1/2"]
[WhiteElo "2440"]
[BlackElo "2600"]

1.e4 c5 2.g3 Nc6 3.Bg2 g6 4.Ne2 Bg7 5.O-O d6 6.Na3 Nf6 7.c3 d5 8.exd5 Nxd5
9.Nc2 Bf5 10.d4 Bxc2 11.Qxc2 cxd4 12.Rd1 Qd7 13.cxd4 O-O 14.Nc3 Nxc3 15.bxc3 Na5
16.Rb1 Rac8 17.Qd3 b6 18.h4 Nc4 19.Rb4 Nd6 20.Re1 Rfe8 21.Bd2 Rc7 22.Kh2 Qf5
23.Qxf5 Nxf5 24.a4 Bh6 25.f4 Bf8 26.h5 e6 27.Rb3 Nd6 28.hxg6 hxg6 29.Bf1 Nb7
30.Kg2 Rd8 31.Kf3 Na5 32.Rb5 Nb7 33.g4 Rdc8 34.Bd3  1/2-1/2

[Event "Hastings8182"]
[Site "Hastings"]
[Date "1981.??.??"]
[Round "10"]
[White "Andersson, Ulf"]
[Black "Kupreichik, Viktor D"]
[Result "1/2-1/2"]
[WhiteElo "2600"]
[BlackElo "2580"]

1.Nf3 Nf6 2.c4 c6 3.Nc3 d5 4.cxd5 cxd5 5.d4 Nc6 6.Bf4 e6 7.e3 Bd6 8.Bg3 O-O
9.Bd3 g6 10.Bh4 Ne7 11.O-O b6 12.Rc1 Bb7 13.a3 Ne8  1/2-1/2

[Event "Hastings8182"]
[Site "Hastings"]
[Date "1981.??.??"]
[Round "12"]
[White "Andersson, Ulf"]
[Black "Lein, Anatoly"]
[Result "1/2-1/2"]
[WhiteElo "2600"]
[BlackElo "2510"]

1.Nf3 Nf6 2.c4 c5 3.g3 e6 4.Bg2 d5 5.cxd5 Nxd5 6.O-O Be7 7.d4 O-O 8.e4 Nf6
9.Nc3 Nc6 10.d5 exd5 11.exd5 Nb4 12.Ne5 Bd6 13.Nc4 Bf5 14.a3 Nc2 15.Ra2 a6
16.h3  1/2-1/2

[Event "Hastings8182"]
[Site "Hastings"]
[Date "1981.??.??"]
[Round "13"]
[White "Szabo, Laszlo"]
[Black "Andersson, Ulf"]
[Result "1/2-1/2"]
[WhiteElo "2510"]
[BlackElo "2600"]

1.c4 c5 2.Nc3 g6 3.g3 Bg7 4.Bg2 Nc6 5.e3 e6 6.Nge2 Nge7 7.d4 cxd4 8.exd4 d5
9.cxd5 Nxd5 10.Nxd5 exd5 11.O-O O-O 12.Be3 Bg4 13.h3 Bxe2 14.Qxe2 Nxd4 15.Bxd4 Bxd4
16.Rad1  1/2-1/2

[Event "Johannesburg"]
[Site "Johannesburg"]
[Date "1981.??.??"]
[Round "3"]
[White "Andersson, Ulf"]
[Black "Kortschnoj, Viktor"]
[Result "1/2-1/2"]
[WhiteElo "2600"]
[BlackElo "2695"]

1.Nf3 d5 2.d4 Nf6 3.c4 dxc4 4.Qa4+ Nc6 5.Nc3 Nd5 6.Qxc4 Ndb4 7.Qb3 Nxd4 8.Nxd4 Qxd4
9.Be3 Be6 10.Qa4+ Bd7 11.Qb3 Be6 12.Qa4+  1/2-1/2

[Event "Johannesburg"]
[Site "Johannesburg"]
[Date "1981.??.??"]
[Round "3"]
[White "Huebner, Robert"]
[Black "Andersson, Ulf"]
[Result "1/2-1/2"]
[WhiteElo "2640"]
[BlackElo "2600"]

1.e4 c5 2.Nf3 d6 3.d4 cxd4 4.Nxd4 Nf6 5.Nc3 e6 6.g4 h6 7.Bg2 Nc6 8.h3 a6
9.Nde2 g5 10.f4 gxf4 11.Bxf4 Ne5 12.Qd4 Qc7 13.O-O-O b5 14.Kb1 Bb7 15.Nc1 Nfd7
16.Nb3 Be7 17.Rhf1 h5 18.g5 h4 19.Bf3 Bc6 20.Be2 Rb8 21.a3 Qb6 22.g6 Nxg6
23.Bxd6 Qxd4 24.Nxd4  1/2-1/2

[Event "Johannesburg"]
[Site "Johannesburg"]
[Date "1981.??.??"]
[Round "4"]
[White "Andersson, Ulf"]
[Black "Huebner, Robert"]
[Result "1-0"]
[WhiteElo "2600"]
[BlackElo "2640"]

1.Nf3 d5 2.d4 Nf6 3.c4 dxc4 4.Qa4+ Nbd7 5.g3 e6 6.Bg2 a6 7.Nc3 Be7 8.Ne5 Rb8
9.Nxd7 Qxd7 10.Qxc4 b5 11.Qd3 Bb7 12.Bxb7 Rxb7 13.Qf3 Rb6 14.O-O Qc6 15.Qxc6+ Rxc6
16.Bg5 Nd5 17.Nxd5 exd5 18.Bxe7 Kxe7 19.Rfc1 Rxc1+ 20.Rxc1 Kd6 21.f3 c6 22.Kf2 Re8
23.g4 a5 24.h4 g6 25.Rc2 h6 26.Kg3 g5 27.h5 f6 28.Kf2 Kc7 29.e3 Kb6 30.Ke2 Rc8
31.Rc5 Re8 32.Kd3 Re7 33.e4 Rd7 34.a3 Rd8 35.Rc1 Rd7 36.Rc2 Rd8 37.Rc3 Rd7
38.Rc2 Rd8 39.Rc1 Rd7 40.Rc5 Rd8 41.b4 axb4 42.axb4 Rd7 43.exd5 Rxd5 44.Ke4 Rd8
45.d5 Re8+ 46.Kf5 cxd5 47.Rxd5 Re3 48.Kxf6 Rxf3+ 49.Kg7 Rf4 50.Rd6+ Kc7 51.Rxh6  1-0

[Event "America-Europe"]
[Site "Mar del Plata"]
[Date "1981.??.??"]
[Round "1"]
[White "Christiansen, Larry Mark"]
[Black "Andersson, Ulf"]
[Result "1/2-1/2"]
[WhiteElo "2515"]
[BlackElo "2610"]

1.e4 c5 2.Nc3 Nc6 3.g3 g6 4.d3 Bg7 5.Bg2 d6 6.f4 e6 7.Nf3 Nge7 8.O-O O-O
9.Be3 Nd4 10.Rb1 Bd7 11.Ne2 Nxf3+ 12.Bxf3 Qc7 13.Qd2 Rad8 14.c4 b6 15.g4 f5
16.gxf5 exf5 17.Nc3 Rde8 18.Rbe1 Qb8 19.Re2 Nc6 20.Kh1 Nd4 21.Bxd4 Bxd4 22.Nd5 Kh8
23.Rfe1 fxe4 24.Rxe4 Bc6 25.Re7 Qd8 26.Rxa7 Rxe1+ 27.Qxe1 Bxb2 28.Qe6 Bg7
29.Kg2 Bxd5  1/2-1/2

[Event "America-Europe"]
[Site "Mar del Plata"]
[Date "1981.??.??"]
[Round "7"]
[White "Browne, Walter S"]
[Black "Andersson, Ulf"]
[Result "1/2-1/2"]
[WhiteElo "2555"]
[BlackElo "2610"]

1.d4 Nf6 2.c4 e6 3.Nf3 b6 4.Nc3 Bb4 5.Qc2 Bb7 6.a3 Bxc3+ 7.Qxc3 O-O 8.e3 c5
9.b4 a5 10.bxc5 bxc5 11.Be2 cxd4 12.exd4 Nc6 13.O-O Ne7 14.Re1 Nf5 15.Bb2 Rc8
16.Rac1 Ba6  1/2-1/2

[Event "Moron op"]
[Site "Moron"]
[Date "1981.??.??"]
[Round "?"]
[White "Tempone, Marcelo"]
[Black "Andersson, Ulf"]
[Result "0-1"]
[WhiteElo "2265"]
[BlackElo "2610"]

1.Nf3 Nf6 2.b3 e6 3.Bb2 b6 4.g3 Bb7 5.Bg2 Be7 6.O-O O-O 7.c4 c5 8.e3 Nc6
9.Qe2 Rc8 10.Nc3 d5 11.d3 Re8 12.Rad1 Qc7 13.e4 dxe4 14.dxe4 Rcd8 15.e5 Nd7
16.Nb5 Qb8 17.Nd6 Bxd6 18.exd6 Nf8 19.Ng5 Rxd6 20.Qh5 Re7 21.Rxd6 Qxd6 22.Ne4 Qc7
23.Nf6+ Kh8 24.Be4 Nd4 25.Bxd4 cxd4 26.Nxh7 g6 27.Qh4 Nxh7 28.Bxb7 Qxb7 29.Qxd4+ e5  0-1

[Event "Moron op"]
[Site "Moron"]
[Date "1981.??.??"]
[Round "?"]
[White "Andersson, Ulf"]
[Black "Larsen, Bent"]
[Result "1/2-1/2"]
[WhiteElo "2610"]
[BlackElo "2610"]

1.c4 e5 2.g3 d6 3.Bg2 g6 4.Nc3 Bg7 5.d3 Nd7 6.Rb1 Nh6 7.e4 a5 8.Nge2 O-O
9.h3 f5 10.exf5 Nxf5 11.O-O Nc5 12.Kh2 c6 13.b3 Bd7 14.a3 Qc7 15.b4 Ne6 16.Ne4 Rf7
17.Ng5 Nxg5 18.Bxg5 axb4 19.axb4 Kh8 20.b5 Raf8 21.Bd2 h5 22.Bg5 Bh6 23.Bxh6 Nxh6
24.Qd2 Kh7 25.Nc3 h4 26.Ne4 Kg7 27.b6 Qd8 28.d4 hxg3+ 29.fxg3 Rxf1 30.Rxf1 Rxf1
31.Bxf1 Bf5 32.Ng5 Qe7 33.dxe5 dxe5 34.Bg2 Ng8 35.g4 Bd7 36.Ne4 Nf6 37.Qd6 Kf7
38.Ng5+ Kf8 39.Qb8+ Be8 40.Nf3 e4 41.Ne5 Kg7 42.Qc7 Kf8 43.Qxe7+ Kxe7 44.g5 Ke6
45.Nxg6 Bxg6 46.gxf6 Kxf6 47.Kg3 Ke5 48.Kf2 Kd4 49.Bf1 Kc5 50.Ke3 Kxb6 51.Kd4 Ka5
52.c5 b5 53.cxb6 Kxb6 54.Bg2 c5+ 55.Ke3 Kc6 56.Bxe4+ Bxe4 57.Kxe4 Kd6  1/2-1/2

[Event "Moron op"]
[Site "Moron"]
[Date "1981.??.??"]
[Round "?"]
[White "Andersson, Ulf"]
[Black "Schweber, Samuel"]
[Result "1/2-1/2"]
[WhiteElo "2610"]
[BlackElo "2425"]

1.Nf3 g6 2.e4 Bg7 3.d4 d6 4.Be2 Nf6 5.Nc3 O-O 6.O-O c6 7.Re1 Qc7 8.Bf4 Nh5
9.Be3 e5 10.Qd2 Re8 11.h3 Nf6 12.Bf1 Nbd7 13.Rad1 b5 14.a3 a6 15.Bh6 Bb7
16.dxe5 dxe5 17.Nh4 Nf8 18.Bxg7 Kxg7 19.Qg5 Ng8 20.Nf5+ Kh8 21.Nd6 Re7 22.Rd2 f6
23.Qe3 Ne6 24.Red1 Rd8 25.Nxb7 Rxd2 26.Rxd2 Qxb7 27.Ne2 Kg7 28.Nc1 Nh6 29.b4 Nf7
30.Nb3 Qa7 31.Qc3 Rc7 32.h4 c5 33.bxc5 Nxc5 34.Nxc5 Qxc5 35.Qxc5 Rxc5 36.g3  1/2-1/2

[Event "Moron op"]
[Site "Moron"]
[Date "1981.??.??"]
[Round "?"]
[White "Andersson, Ulf"]
[Black "Christiansen, Larry Mark"]
[Result "1-0"]
[WhiteElo "2610"]
[BlackElo "2515"]

1.Nf3 Nf6 2.c4 d6 3.g3 e5 4.Bg2 Nbd7 5.O-O g6 6.Nc3 Bg7 7.Rb1 O-O 8.b4 a5
9.a3 Re8 10.Qc2 Nf8 11.d3 c6 12.Bb2 Bf5 13.h3 axb4 14.axb4 e4 15.Nd4 exd3
16.exd3 Bd7 17.Ra1 Rxa1 18.Rxa1 Ne6 19.Nf3 Nc7 20.Ne2 Na6 21.Bc3 Nh5 22.Bxg7 Nxg7
23.Rb1 Nf5 24.Nc3 c5 25.b5 Nc7 26.Qd2 Ne6 27.Kh2 b6 28.Ra1 Kg7 29.Ra7 Nfd4
30.Nxd4 Nxd4 31.Qf4 Bf5 32.Ne4 Re7 33.Qg5 Re8 34.Qxd8 Rxd8 35.Rb7 d5 36.Ng5 dxc4
37.dxc4 Ne6 38.Rxf7+ Kh6 39.Rxf5 Nxg5 40.Rf6 Rd4 41.Rxb6 Rxc4 42.Rc6 Rc2
43.h4 Nf7 44.Re6 c4 45.b6 Rb2 46.Re7 Nd6 47.g4 Rxb6 48.g5+ Kh5 49.Kh3 Rb3+
50.Re3  1-0

[Event "Moron op"]
[Site "Moron"]
[Date "1981.??.??"]
[Round "?"]
[White "Soppe, Guillermo"]
[Black "Andersson, Ulf"]
[Result "0-1"]
[WhiteElo "2000"]
[BlackElo "2610"]

1.d4 Nf6 2.Nf3 e6 3.e3 b6 4.Bd3 Bb7 5.O-O c5 6.b3 Be7 7.Bb2 O-O 8.c4 cxd4
9.exd4 d5 10.Nbd2 Nbd7 11.Qe2 Rc8 12.Rad1 Rc7 13.Ng5 Re8 14.f4 Nf8 15.Ndf3 h6
16.Ne5 Bd6 17.Nh3 Ne4 18.f5 exf5 19.Rxf5 f6 20.cxd5 Ng5 21.Nxg5 hxg5 22.Qf3 fxe5
23.dxe5 Bc5+ 24.Kh1 Qxd5 25.Qh3 Rf7 26.Rxf7 Qxf7 27.Rf1 Qe6 28.Bf5 Qh6 29.Qc3 Bd5
30.b4 Be7 31.a3 Qc6 32.Qxc6 Bxc6 33.Rc1 Bd5 34.h3 Be6 35.g4 Rd8 36.Rc2 g6
37.Be4 Bd5 38.Bxd5+ Rxd5 39.Kg2 Rd3 40.Bc1 Ne6 41.Rc4 Kf7 42.Rc2 Nd4  0-1

[Event "Moron op"]
[Site "Moron"]
[Date "1981.??.??"]
[Round "?"]
[White "Andersson, Ulf"]
[Black "Benko, Francisco"]
[Result "1-0"]
[WhiteElo "2610"]
[BlackElo "2275"]

1.c4 e5 2.Nc3 d6 3.g3 c6 4.Bg2 f5 5.d4 Be7 6.e4 exd4 7.Qxd4 Qb6 8.Nge2 Qxd4
9.Nxd4 fxe4 10.Nxe4 Nf6 11.Ng5 Na6 12.Nxc6 bxc6 13.Bxc6+ Bd7 14.Bxa8 O-O
15.Bg2 d5 16.O-O h6 17.Nf3 dxc4 18.Ne5 Bf5 19.Be3 Nb4 20.Nxc4 Bd3 21.Ne5 Bxf1
22.Bxf1 Bd6 23.Ng6 Rc8 24.Rd1 Kf7 25.Rxd6 Kxg6 26.a3 Nd5 27.Bxa7 Kf7 28.Bd4 Rc1
29.b4 Nc3 30.Bxc3 Rxc3 31.a4 Ke7 32.Rd4 Nd7 33.Kg2 Ne5 34.a5 Nf3 35.Rd1  1-0

[Event "Telechess ol2 8182"]
[Site "telex"]
[Date "1981.??.??"]
[Round "?"]
[White "Rantanen, Yrjo A"]
[Black "Andersson, Ulf"]
[Result "1/2-1/2"]
[WhiteElo "2460"]
[BlackElo "2610"]

1.d4 Nf6 2.c4 e6 3.Nf3 b6 4.e3 Bb7 5.Nc3 Bb4 6.Bd3 c5 7.O-O O-O 8.Bd2 cxd4
9.exd4 d5 10.cxd5 Bxc3 11.bxc3 Qxd5 12.Re1 Nbd7 13.c4 Qd6 14.Bc3 Qf4 15.Qd2 Qxd2
16.Nxd2 Rac8 17.Rec1 Rfd8 18.Bf1 Ne4 19.Nxe4 Bxe4  1/2-1/2

[Event "Phillips&Drew"]
[Site "London"]
[Date "1982.??.??"]
[Round "?"]
[White "Geller, Efim P"]
[Black "Andersson, Ulf"]
[Result "0-1"]
[WhiteElo "2575"]
[BlackElo "2635"]

1.e4 c5 2.Nf3 d6 3.d4 cxd4 4.Nxd4 Nf6 5.Nc3 e6 6.Be2 Be7 7.O-O O-O 8.f4 Nc6
9.Be3 e5 10.Nb3 exf4 11.Rxf4 Ne8 12.Qd2 Bf6 13.Rf2 Be5 14.Bg5 Nf6 15.Raf1 Bxc3
16.Qxc3 Nxe4 17.Bxd8 Nxc3 18.bxc3 Nxd8 19.Rd1 Be6 20.Rxd6 Rc8 21.Rd3 Re8
22.Re3 Kf8 23.Bb5 Re7 24.Rd2 Rec7 25.Be2 a6 26.Bf3 Ke7 27.Rdd3 g6 28.Nd4 Kf6
29.Nxe6 Nxe6 30.Bg4 Ke7 31.Bxe6 fxe6 32.Rh3 h5 33.Rhg3 Rg8 34.Kf2 Rc5 35.Ke2 Ra5
36.Kd2 Rxa2 37.Rd4 Ra5 38.c4 Rc5 39.Rb3 Rb8 40.Rg3 g5 41.Rgd3 Kf6 42.h3 Rbc8
43.Rf3+ Ke7 44.Rb3 b5 45.cxb5 Rxc2+ 46.Kd3 Rxg2 47.Re4 Rd8+ 48.Kc4 Rc2+ 49.Kb4 Rb8  0-1

[Event "Phillips&Drew"]
[Site "London"]
[Date "1982.??.??"]
[Round "?"]
[White "Andersson, Ulf"]
[Black "Mestel, A Jonathan"]
[Result "1-0"]
[WhiteElo "2635"]
[BlackElo "2500"]

1.Nf3 Nf6 2.c4 g6 3.Nc3 Bg7 4.e4 O-O 5.d4 d6 6.Be2 Nbd7 7.O-O e5 8.Re1 c6
9.Rb1 a5 10.Bf1 h6 11.a3 Nh7 12.b4 axb4 13.axb4 f5 14.exf5 gxf5 15.dxe5 dxe5
16.Ne2 e4 17.Nfd4 Ne5 18.Nf4 Ng4 19.Be3 Qc7 20.c5 Ng5 21.h3 Nxe3 22.fxe3 Rd8
23.Bc4+ Kh8 24.Qh5 Bd7 25.Nde6 Nxe6 26.Bxe6 Bxe6 27.Nxe6 Qg3 28.Nxd8 Rxd8
29.Rbd1 Rd5 30.Kf1 Bc3 31.Qxh6+ Kg8 32.Qe6+ Kg7 33.Qe7+ Kg6 34.Qe8+ Kg7 35.Qe7+ Kg6
36.Qf8 Kh7 37.Qf7+ Kh6 38.Qf8+ Kh7 39.Qf7+ Kh6 40.Qf8+ Kh7 41.b5 Qh2 42.Qf7+ Kh6
43.Qg8 Bxe1 44.Rxe1 Rd2 45.Re2 Rd1+ 46.Kf2 Qg1+ 47.Kg3 Rd5 48.Qe6+ Kh5 49.Qf7+ Kh6
50.Qf6+ Kh7 51.bxc6 bxc6 52.Qxc6 Rd2 53.Qf6 Rxe2 54.Qxf5+ Kh6 55.Qf4+  1-0